LEADER 01303nam a2200277 i 4500 001 991000520369707536 008 031012s2003 it 100 0 ita 020 $a8851301689 035 $ab12629376-39ule_inst 040 $aFac. Economia$bita 082 14$a658.4013 245 02$aL'evoluzione del controllo di gestione nelle realtà pubbliche e non profit :$briflessioni ed esperienze /$ca cura di Katia Giusepponi ; contributi di Franco Ancona ... [et al.] 260 $aNapoli :$bSistemi,$c2003 300 $avi, 169 p. ;$c24 cm 490 $aEnti locali e pubblica amministrazione 500 $aRelazioni scelte presentate al Congresso, Macerata, 2002 500 $aIn cop.: AA.VV.; TC6 500 $aContiene bibl. e riferimenti bibliografici 700 1 $aGiusepponi, Katia 907 $a.b12629376$b23-01-19$c16-03-04 912 $a991000520369707536 945 $aLE025 ECO 658.4 GIU01.01$g1$i2025000265158$lle025$n2014$o-$pE49.00$q-$rl$s- $t0$u3$v0$w3$x0$y.i15593782$z03-03-14 945 $aLE025 ECO 658.4 GIU01.01$g2$i2025000093782$lle025$nCatalogato 2019$op$pE13.00$q-$rl$s- $t0$u7$v29$w7$x0$y.i1351328x$z21-04-04 996 $aEvoluzione del controllo di gestione nelle realtà pubbliche e non profit$9277143 997 $aUNISALENTO 998 $ale025$b16-03-04$cm$da $e-$fita$git $h2$i1